MAKING EVERY ENGLISH LESSON COUNT. (Record no. 216563)

MARC details
000 -LEADER
fixed length control field 00541nam a22001697a 4500
008 - FIXED-LENGTH DATA ELEMENTS--GENERAL INFORMATION
fixed length control field 260205b |||||||| |||| 00| 0 eng d
020 ## - INTERNATIONAL STANDARD BOOK NUMBER
International Standard Book Number 978-178583179-9
050 ## - LIBRARY OF CONGRESS CALL NUMBER
Classification number LB 1576 .T493 2021
100 ## - MAIN ENTRY--PERSONAL NAME
Personal name THARDY, ANDY
245 ## - TITLE STATEMENT
Title MAKING EVERY ENGLISH LESSON COUNT.
260 ## - PUBLICATION, DISTRIBUTION, ETC.
Place of publication, distribution, etc. CARMATHEN, WALES,
Name of publisher, distributor, etc. CROWN HOUSE PUBLISHING LIMITED,
Date of publication, distribution, etc. 2021.
300 ## - PHYSICAL DESCRIPTION
Extent iii, 161 P, ILL
500 ## - GENERAL NOTE
General note INCLUDES BIBLIOGRAPHY
650 ## - SUBJECT ADDED ENTRY
Topical term or geographic name entry element ENGLISH LANGUAGE- STUDY AND TEACHING (SECONDARY)- GREAT BRITAIN
942 ## - ADDED ENTRY ELEMENTS (KOHA)
Source of classification or shelving scheme Library of Congress Classification
Koha item type Long Loan Book
Holdings
Withdrawn status Lost status Source of classification or shelving scheme Damaged status Not for loan Collection Home library Current library Shelving location Date acquired Inventory number Total checkouts Full call number Barcode Date last seen Copy number Price effective from Koha item type
    Library of Congress Classification     Arts & Social Sciences Kisii University Library Kisii University Library On Display 02/05/2026 111311   LB 1576 .T493 2021 50319 02/05/2026 1 02/05/2026 Long Loan Book
    Library of Congress Classification     Arts & Social Sciences Kisii University Library Kisii University Library On Display 02/05/2026 111312   LB 1576 .T493 2021 50425 02/05/2026 2 02/05/2026 Long Loan Book
    Library of Congress Classification     Arts & Social Sciences Kisii University Library Kisii University Library On Display 02/05/2026 111315   LB 1576 .T493 2021 50295 02/05/2026 5 02/05/2026 Long Loan Book
    Library of Congress Classification     Arts & Social Sciences Kisii University Library Kisii University Library On Display 02/05/2026 111314   LB 1576 .T493 2021 50400 02/05/2026 4 02/05/2026 Long Loan Book
    Library of Congress Classification     Arts & Social Sciences Kisii University Library Kisii University Library On Display 02/05/2026 111313   LB 1576 .T493 2021 50427 02/05/2026 3 02/05/2026 Long Loan Book